Statistiques concernant Les pilotes Tyrrell en Formule 1

Cliquez ici pour prendre le quiz!

Statistiques générales

  • Ce quiz a été pris 96 fois
    (30 depuis la dernière actualisation)
  • Le résultat moyen est 9 sur 40

Statistiques - réponses

Nb de Grands PrixSaisonsNationalitéPilote% Correct
451974-1976Afrique du SudJody Scheckter
77%
371971-1973FranceFrançois Cevert
65%
391970-1973Royaume-UniJackie Stewart
58%
801972, 1974-1978FrancePatrick Depailler
58%
231989-1990FranceJean Alesi
54%
171997Pays-BasJos Verstappen
54%
11975FranceJean-Pierre Jabouille
50%
311978-1979FranceDidier Pironi
46%
501995-1997FinlandeMika Salo
46%
171977SuèdeRonnie Peterson
46%
311990-1991JaponSatoru Nakajima
38%
461981-1983, 1989ItalieMichele Alboreto
35%
261979-1980FranceJean-Pierre Jarier
27%
11989Royaume-UniJohnny Herbert
27%
41984-1985SuèdeStefan Johansson
27%
11973Nouvelle-ZélandeChris Amon
23%
141981Etats-UnisEddie Cheever
23%
321992-1993ItalieAndrea de Cesaris
19%
641993-1996JaponUkyo Katayama
15%
171979-1980IrlandeDerek Daly
12%
21985ItalieIvan Capelli
12%
161994Royaume-UniMark Blundell
12%
381984-1986Royaume-UniMartin Brundle
12%
161992FranceOlivier Grouillard
12%
11971Etats-UnisPeter Revson
12%
331985-1987FrancePhilippe Streiff
12%
161991ItalieStefano Modena
12%
11995ItalieGabriele Tarquini
8%
11975FranceMichel Leclère
8%
201984-1985AllemagneStefan Bellof
8%
161998JaponToranosuke Takagi
8%
131982Royaume-UniBrian Henton
4%
151983Etats-UnisDanny Sullivan
4%
11979Royaume-UniGeoff Lees
4%
451987-1989Royaume-UniJonathan Palmer
4%
61988Royaume-UniJulian Bailey
4%
11980Nouvelle-ZélandeMike Thackwell
4%
111998BrésilRicardo Rosset
4%
21981ArgentineRicardo Zunino
4%
31982SuèdeSlim Borgudd
4%

Distribution des résultats

Percentile par nombre de réponses

% des personnes avec chaque résultat

Votre développement - résultats

Vous n’avez pas pris ce quiz depuis la dernière actualisation